000 00369cam a2200157ua 4500
041 _amal
_h
082 _a894.8122
_bSUR/BA
100 _aSurendran, K .
245 _aBali /
_cK Surendran.
_hTextual Documents
250 _a1 /
_b.
260 _aKottayam :
_bNational Book Stall ,
_c1966.
300 _a181 ; .
504 _a
942 _cBK
999 _c12758
_d12758